Statistics for Actors with Multiple Oscar Wins

Click here to take the quiz!

General Stats

  • This quiz has been taken 124 times
  • The average score is 14 of 22

Answer Stats

#Actor% Correct
2Tom Hanks
100%
2Marlon Brando
97%
3Jack Nicholson
96%
2Dustin Hoffman
95%
2Robert De Niro
95%
3Daniel Day-Lewis
94%
2Denzel Washington
90%
2Kevin Spacey
88%
2Sean Penn
87%
2Gene Hackman
72%
2Christoph Waltz
61%
2Michael Caine
61%
2Mahershala Ali
57%
2Melvyn Douglas
53%
2Gary Cooper
49%
2Spencer Tracy
46%
2Jack Lemmon
40%
2Anthony Quinn
25%
2Fredric March
24%
2Jason Robards
24%
2Peter Ustinov
19%
3Walter Brennan
18%

Score Distribution

Percentile by Number Answered

Percent of People with Each Score

Your Score History

You have not taken this quiz